00556nam a2200157 4500003000900000005001700009008004100026020002600067040001300093082001400106100003100120245013100151260003200282300001000314440007400324SEACOMEC20241122123130.0241122b |||||||| |||| 00| 0 eng d a9781558608719c295.00 aSEACOMEC a006bS724 a Dongarra, J. J...et.al.. aSourcebook of Parallel Computing /cEditited by J. J. Dongarra, Ian Foster, Geoffrey Fox, Ken Kennedy, and Linda Torczon aNew DelhibELSEVIER, c2003 a842 p aThe Morgan Kaufmann Series in Computer Architecture and Design Series